[Event "AUTO-ADV-2053"]
[Site "http://www.queenalice.com/game.php?id=892715"]
[Date "2011.1.29"]
[Round "1"]
[White "tche_nas87"]
[Black "kasparosaure"]
[Result "0-1"]
[WhiteElo "1662"]
[BlackElo "1993"]

1. e4 e6 2. e5 d5 3. d4 c5 4. Bf4 Nc6 5. Bb5 Bd7 6. Bxc6 Bxc6 7. Nf3 Qb6 8. b3
Ne7 9. O-O Ng6 10. Bg5 Be7 11. h4 h6 12. Bxe7 Nxe7 13. Qd2 Nf5 0-1

[Event "AUTO-ADV-2053"]
[Site "http://www.queenalice.com/game.php?id=892716"]
[Date "2011.1.29"]
[Round "1"]
[White "kasparosaure"]
[Black "tche_nas87"]
[Result "1-0"]
[WhiteElo "1990"]
[BlackElo "1666"]

1. d4 d5 2. Nf3 e6 3. Bg5 f6 4. Bh4 Bb4+ 5. c3 Qd6 6. cxb4 Qxb4+ 7. Qd2 Na6 8.
Nc3 Ne7 9. e3 e5 10. a3 Qb3 11. dxe5 fxe5 12. Bxe7 Kxe7 13. Nxd5+ Kf7 14. Nxe5+
1-0

[Event "AUTO-ADV-2053"]
[Site "http://www.queenalice.com/game.php?id=892717"]
[Date "2011.1.29"]
[Round "1"]
[White "tche_nas87"]
[Black "faresjo"]
[Result "0-1"]
[WhiteElo "1577"]
[BlackElo "1943"]

1. e4 c5 2. Bc4 Nc6 3. Nf3 d6 4. h3 Nf6 5. d3 e6 6. Bg5 Be7 7. g4 O-O 8. Bxf6
Bxf6 9. c3 a6 10. h4 b5 11. g5 Be7 12. Bb3 Bb7 13. h5 Bxg5 14. Nxg5 Qxg5 15. Kf1
Ne5 16. Rg1 Qf6 0-1

[Event "AUTO-ADV-2053"]
[Site "http://www.queenalice.com/game.php?id=892718"]
[Date "2011.1.29"]
[Round "1"]
[White "faresjo"]
[Black "tche_nas87"]
[Result "1-0"]
[WhiteElo "1945"]
[BlackElo "1575"]

1. e4 e5 2. Nf3 Nc6 3. Bb5 Bc5 4. O-O f6 5. c3 a6 6. Ba4 b5 7. Bb3 Nh6 8. h3 d6
9. d4 Nf7 10. dxc5 dxc5 11. Qe2 f5 12. Rd1 Qe7 13. Nbd2 f4 14. Bd5 Bd7 15. a4 b4
16. Nc4 1-0

[Event "AUTO-ADV-2054"]
[Site "http://www.queenalice.com/game.php?id=892862"]
[Date "2011.1.29"]
[Round "1"]
[White "MC"]
[Black "tche_nas87"]
[Result "1-0"]
[WhiteElo "1701"]
[BlackElo "1635"]

1. d4 d5 2. Bf4 Bf5 3. e3 a6 4. c4 e6 5. h4 Nf6 6. Qa4+ c6 7. cxd5 exd5 8. Nc3
a5 9. b4 b6 10. b5 c5 11. dxc5 bxc5 12. Rd1 Nbd7 13. Nxd5 1-0

[Event "AUTO-ADV-2054"]
[Site "http://www.queenalice.com/game.php?id=892863"]
[Date "2011.1.29"]
[Round "1"]
[White "tche_nas87"]
[Black "MC"]
[Result "0-1"]
[WhiteElo "1621"]
[BlackElo "1714"]

1. e4 e5 2. d4 Nc6 3. d5 Nd4 4. Bc4 d6 5. c3 b5 6. Bb3 Nxb3 7. axb3 h5 8. h4 Nf6
9. Bg5 g6 10. f4 Ba6 11. Nh3 Rb8 0-1

[Event "AUTO-ADV-2054"]
[Site "http://www.queenalice.com/game.php?id=892878"]
[Date "2011.1.29"]
[Round "1"]
[White "n4ndu"]
[Black "tche_nas87"]
[Result "1-0"]
[WhiteElo "1836"]
[BlackElo "1425"]

1. e4 e5 2. Nf3 Nc6 3. Bc4 f6 4. Nc3 Bc5 5. Bxg8 Rxg8 6. d3 Nd4 7. Nxd4 Bxd4 8.
Nd5 c6 9. Nb4 a5 10. c3 Bc5 11. Nc2 d5 12. Qh5+ g6 13. Qxh7 Bg4 14. Qxb7 f5 15.
Qxc6+ Kf8 16. Qxc5+ Ke8 17. Qxd5 Qh4 18. Qxa8+ 1-0

[Event "AUTO-ADV-2054"]
[Site "http://www.queenalice.com/game.php?id=892879"]
[Date "2011.1.29"]
[Round "1"]
[White "tche_nas87"]
[Black "n4ndu"]
[Result "0-1"]
[WhiteElo "1423"]
[BlackElo "1838"]

1. d4 d6 2. d5 Nf6 3. Nc3 g6 4. e4 Bg7 5. Bc4 e5 6. Bg5 Nbd7 7. Bb5 a6 8. Bxd7+
Bxd7 9. f4 exf4 10. Bxf4 Qe7 11. Bg5 Qe5 12. Bxf6 Qxf6 13. Qf3 Qxf3 14. Nxf3 O-O
15. O-O-O Bxc3 16. bxc3 Rae8 17. Rhe1 Bb5 0-1

[Event "AUTO-ADV-2054"]
[Site "http://www.queenalice.com/game.php?id=892888"]
[Date "2011.1.29"]
[Round "1"]
[White "johndavidtelker"]
[Black "tche_nas87"]
[Result "1-0"]
[WhiteElo "1777"]
[BlackElo "1646"]

1. e4 e5 2. Nf3 Nc6 3. Bc4 f6 4. O-O Bc5 5. a3 d6 6. c3 Bg4 7. d3 Nge7 8. h3
Bxh3 9. gxh3 Ng6 10. d4 exd4 11. cxd4 Bb6 12. Be3 Qe7 13. Nc3 Ba5 14. b4 Nxb4
15. axb4 Bxb4 16. Qc2 O-O-O 17. Nd5 Qe6 18. Nxc7 1-0

[Event "AUTO-ADV-2054"]
[Site "http://www.queenalice.com/game.php?id=892889"]
[Date "2011.1.29"]
[Round "1"]
[White "tche_nas87"]
[Black "johndavidtelker"]
[Result "0-1"]
[WhiteElo "1659"]
[BlackElo "1765"]

1. e4 c6 2. d4 d5 3. e5 Bf5 4. c3 e6 5. a3 Nd7 6. Bd3 Ne7 7. Bg5 Qc7 8. h4 Bxd3
9. Qxd3 b5 10. Ne2 h6 11. Bxe7 Bxe7 12. Nf4 a6 13. Ng6 fxg6 14. Qxg6+ Kf8 15. h5
Re8 16. Rh3 Bd8 0-1

[Event "AUTO-INT-1938"]
[Site "http://www.queenalice.com/game.php?id=892932"]
[Date "2011.1.29"]
[Round "1"]
[White "Tartcover"]
[Black "tche_nas87"]
[Result "1-0"]
[WhiteElo "1611"]
[BlackElo "1592"]

1. d4 d5 2. c4 Nf6 3. cxd5 Qxd5 4. Nc3 Qc4 5. Nf3 Bf5 6. e4 Qe6 7. Bd3 Bxe4 8.
O-O Nbd7 9. Nxe4 O-O-O 10. Re1 Nxe4 11. Bxe4 Nf6 12. Bxb7+ Kxb7 13. Rxe6 fxe6
14. Qb3+ Kc8 15. Bf4 Rxd4 16. Nxd4 1-0

[Event "AUTO-INT-1938"]
[Site "http://www.queenalice.com/game.php?id=892933"]
[Date "2011.1.29"]
[Round "1"]
[White "tche_nas87"]
[Black "Tartcover"]
[Result "0-1"]
[WhiteElo "1609"]
[BlackElo "1594"]

1. g3 e5 2. Bg2 Nf6 3. d4 d6 4. d5 Nbd7 5. Bg5 Be7 6. h4 Ng4 7. e4 Bxg5 8. Qxg4
Bh6 9. Bh3 O-O 10. f4 exf4 11. gxf4 Nf6 12. Qg3 Nxe4 13. Qe3 Qxh4+ 14. Kd1 Nf2+
0-1

[Event "AUTO-OPEN-2246"]
[Site "http://www.queenalice.com/game.php?id=893084"]
[Date "2011.1.30"]
[Round "1"]
[White "robby"]
[Black "tche_nas87"]
[Result "1-0"]
[WhiteElo "1040"]
[BlackElo "1487"]

1. e4 e5 2. d3 d5 3. Nf3 Bd6 4. Nc3 Be6 5. exd5 Bf5 6. Bg5 f6 7. Bh4 Bb4 8. Be2
Bxc3+ 9. bxc3 Qxd5 10. c4 Qa5+ 11. Qd2 Qxd2+ 12. Kxd2 Ne7 13. Rab1 b6 14. a3 a5
15. Rb5 g5 16. Bxg5 fxg5 17. Nxe5 1-0

[Event "AUTO-OPEN-2246"]
[Site "http://www.queenalice.com/game.php?id=893085"]
[Date "2011.1.30"]
[Round "1"]
[White "tche_nas87"]
[Black "robby"]
[Result "0-1"]
[WhiteElo "1517"]
[BlackElo "1010"]

1. e4 e5 2. d4 d5 3. Bb5+ Bd7 4. Nc3 Bxb5 5. Nxb5 Nf6 6. Bg5 Bb4+ 7. c3 Ba5 8.
Bxf6 Qxf6 9. exd5 exd4 10. Qxd4 O-O 11. O-O-O h6 12. d6 Qxd6 13. Nxd6 cxd6 14.
Qxd6 Nc6 15. Rd5 Rad8 16. Qc5 Bc7 0-1

[Event "AUTO-OPEN-2246"]
[Site "http://www.queenalice.com/game.php?id=893108"]
[Date "2011.1.30"]
[Round "1"]
[White "tche_nas87"]
[Black "Pagano"]
[Result "0-1"]
[WhiteElo "1525"]
[BlackElo "2046"]

1. d4 d5 2. Nc3 c6 3. Bf4 Nf6 4. Bxb8 Rxb8 5. Qd3 g6 6. e4 dxe4 7. Nxe4 Bg7 8.
O-O-O Bf5 9. f3 O-O 10. g4 Bxe4 11. fxe4 Nxg4 12. e5 Nf2 13. Qe3 Nxd1 14. Kxd1
c5 15. c3 Qd5 16. Nf3 Bh6 0-1

[Event "AUTO-OPEN-2246"]
[Site "http://www.queenalice.com/game.php?id=893109"]
[Date "2011.1.30"]
[Round "1"]
[White "Pagano"]
[Black "tche_nas87"]
[Result "1-0"]
[WhiteElo "2048"]
[BlackElo "1523"]

1. e4 e5 2. f4 Nc6 3. Nf3 f6 4. Bc4 Bc5 5. fxe5 fxe5 6. Nxe5 Nxe5 7. Qh5+ g6 8.
Qxe5+ Qe7 9. Qxh8 Qxe4+ 10. Be2 Qxg2 11. Qxg8+ Ke7 12. Rf1 Bf2+ 13. Rxf2 Qh1+
14. Rf1 Qxh2 15. Qf7+ Kd6 16. Rf6+ Kc5 17. d4+ 1-0